Tvorba a spôsoby finančného umiestnenia prostriedkov poisťovne diplomová práca

Enregistré dans:
Détails bibliographiques
Auteur principal: Lisá, Marcela
Collectivité auteur: Národohospodárska fakulta EU. Katedra poisťovníctva
Autres auteurs: Majtánová, Anna
Format: Livre
Langue:slovaque
Publié: Bratislava 2016
Tags: Ajouter un tag
Pas de tags, Soyez le premier à ajouter un tag!

MARC

LEADER 00000nbm a2200000 4500
001 0217859
005 20161108115624.2
041 0 |a slo 
044 |a SK 
245 1 0 |a Tvorba a spôsoby finančného umiestnenia prostriedkov poisťovne  |b diplomová práca  |c Marcela Lisá ; školiteľ: Anna Majtánová 
264 1 |a Bratislava  |c 2016 
300 |a 58 s. 
100 1 |a Lisá, Marcela 
700 1 |a Majtánová, Anna 
710 2 |a Národohospodárska fakulta EU. Katedra poisťovníctva